=LDR 00000nam 2200000 4500 =001 INLIS000000000015836 =005 20210215024114 =035 ##$$a 0010-061300000015836 =008 210215################g##########0#ind## =041 ##$$a Ind =082 ##$$a 336.2 =090 ##$$a 336. 2, Sum a =100 1#$$a Sumitro, Rochmat =245 1#$$a Asas dan dasar perpajakan 3 /$c Prof. DR. H. Rochmat Soemitro SH =260 ##$$a 1991 :$b Bandung,$c 1991 =300 ##$$a viii, 122 hlm ; $c 21x14 cm =650 #4$$a Pajak dan perpajakan - Indonesia =850 ##$$a NBPNMAT =020 ##$$a 979-8020-09-x =084 ##$$a 336.2 SUM a =250 ##$$a cet.1 =990 ##$$a 100.842/Pro-96 =990 ##$$a 111.732/Pro-97 =990 ##$$a 100.902/Pro-96 =990 ##$$a 100.903/Pro-96 =990 ##$$a 111.728/Pro-96 =990 ##$$a 111.729/Pro-97 =990 ##$$a 111.730/Pro-97 =990 ##$$a 111.731/pro.97 =990 ##$$a 111.733/pro.97 =990 ##$$a 1200602480 =990 ##$$a 111.733/pro.97 =990 ##$$a 100.842/Pro-96 =990 ##$$a 111.732/Pro-97 =990 ##$$a 100.902/Pro-96 =990 ##$$a 100.903/Pro-96 =990 ##$$a 111.728/Pro-96 =990 ##$$a 111.729/Pro-97 =990 ##$$a 111.730/Pro-97 =990 ##$$a 111.731/pro.97 =990 ##$$a 1200602480 =990 ##$$a 111.731/pro.97 =990 ##$$a 100.842/Pro-96 =990 ##$$a 111.732/Pro-97 =990 ##$$a 100.902/Pro-96 =990 ##$$a 100.903/Pro-96 =990 ##$$a 111.728/Pro-96 =990 ##$$a 111.729/Pro-97 =990 ##$$a 111.730/Pro-97 =990 ##$$a 111.733/pro.97 =990 ##$$a 1200602480